The Best Calendar Design and Graphics / Compiled by the Calendar Marketing Association (Record no. 3919)
[ view plain ]
| 000 -LEADER | |
|---|---|
| fixed length control field | 01164cam a22001934a 4500 |
| 005 - ΗΜΕΡΟΜΗΝΙΑ ΚΑΙ ΩΡΑ ΤΕΛΕΥΤΑΙΑΣ ΕΝΗΜΕΡΩΣΗΣ | |
| Πεδίο ελέγχου | 20250605164129.0 |
| 008 - FIXED-LENGTH DATA ELEMENTS--GENERAL INFORMATION | |
| Πεδίο ελέγχου σταθερού μήκους | 250528s ||||||||||||||||||||||||d |
| 035 ## - SYSTEM CONTROL NUMBER | |
| System control number | 18570 |
| 020 ## - ISBN | |
| ISBN | 1564961648 |
| 040 ## - ΠΗΓΗ ΚΑΤΑΛΟΓΟΓΡΑΦΗΣΗΣ | |
| Φορέας πρωτότυπης καταλογογράφησης | MC Athens Campus Library |
| Γλώσσα καταλογογράφησης | Ελληνικά, Μοντέρνα (1453-) |
| Modifying agency | MC Athens Campus Library |
| Κανόνες περιγραφικής καταλογογράφησης | AACR2 |
| 245 1# - ΤΙΤΛΟΣ ΚΑΙ ΔΗΛΩΣΗ ΥΠΕΥΘΥΝΟΤΗΤΑΣ | |
| Τίτλος | The Best Calendar Design and Graphics / Compiled by the Calendar Marketing Association |
| 260 ## - PUBLICATION, DISTRIBUTION, ETC. | |
| Name of publisher, distributor, etc. | Rockport Publishers, |
| Date of publication, distribution, etc. | 1995 |
| 300 ## - PHYSICAL DESCRIPTION | |
| Extent | 162 |
| 520 ## - SUMMARY, ETC. | |
| Summary, etc. | The first annual collection featuring the winners of the Calendar Marketing Association's prestigious Calendar awards program, which recognizes high quality calendar design both nationally and internationally. Acknowledgements, Introduction, Best of Show, Best Classical Art, Best Contemporary Art, Best Production/ Color Separation and Finishing and Printing and Use of Paper, Best Graphic Design and Best Typography, Best Photography and Glamour and Nature/ Scenic, Most Original, Best Theme, Best Cartoon Art and Most Humorous, Best Children's and Most Educational, Most Creative Marketing Application, Best Nonprofit, Index. |
| 710 2# - ΠΡΟΣΘΕΤΗ ΑΝΑΓΡΑΦΗ--ΣΥΛΛΟΓΙΚΟ ΟΡΓΑΝΟ | |
| Corporate name or jurisdiction name as entry element | Calendar Marketing Associations |
| 9 (RLIN) | 9754 |
| 942 ## - ADDED ENTRY ELEMENTS (KOHA) | |
| Koha item type | Books |
| Τύπος τεκμηρίου | Βιβλιοθήκη | Τρέχουσα τοποθεσία | Barcode | Αριθμός εισαγωγής | Ημερομηνία απόκτησης | Ταξιθετικό σύμβολο | Αριθμός αντιτύπου | Κατάσταση απόσυρσης | Κατάσταση χαμένου | Κατάσταση κατεστραμμένου | Μη δανεισμός | Σύνολο δανεισμών | Ημερομηνία τελευταίας εμφάνισης | Η τιμή ισχύει από |
|---|---|---|---|---|---|---|---|---|---|---|---|---|---|---|
| Books | MC Athens Campus Library | MC Athens Campus Library | 9780000039187 | 3473 | 05/06/2025 | 741.682 CMA | 1 | 05/06/2025 | 05/06/2025 |